• 首页
  • 本馆介绍
  • 公告通知
  • 最新文献
  • 馆藏检索
  • 电子资源
  • 读者导购
  • 参考咨询
  • 我的图书馆
  • 登录
  • 详细信息显示
  • 放入我的书架
  • 预约/预借图书
  • 作者相关作品
  • 分类相关作品
  • 丛书相关作品
  • 出版社相关作品

书目信息

  • 表格格式
  • 工作单格式
  • 卡片格式
题名:
快速读懂民法典
    
 
作者: 路韫韬 主编
分册:   物权编
出版信息: 北京   中国民主法制出版社  2021
页数: 182页
开本: 22cm
丛书名:
单 册:
中图分类: D923.04 , D923.24
科图分类:
主题词: 民法--min fa--法典--中国--学习参考资料 , 物权法--wu quan fa--中国--学习参考资料
电子资源:
ISBN: 978-7-5162-2136-5
000 01015nam0 2200277 450
001 2161399816
005 20211003081205.92
010    @a978-7-5162-2136-5@dCNY39.80
100    @a20210716d2021 em y0chiy0120 ea
101 0  @achi
102    @aCN@b110000
105    @aa z 000yy
106    @ar
200 1  @a快速读懂民法典@Akuai su du dong min fa dian@i物权编@e我的财产我做主@f路韫韬主编
210    @a北京@c中国民主法制出版社@d2021
215    @a182页@c图@d22cm
330    @a本书主要讲述了“物权编”的基本内容,通过故事案例的形式,对物权制度进行了解释和论述,解析了各种民事生活中物权变动的科学法理,明确现实生活中物权冲突分析和裁判的法律根据。
517 1  @a物权编@Awu quan bian
517 1  @a我的财产我做主@Awo de cai chan wo zuo zhu
606 0  @a民法@Amin fa@x法典@y中国@j学习参考资料
606 0  @a物权法@Awu quan fa@y中国@j学习参考资料
690    @aD923.04@v5
690    @aD923.24@v5
701  0 @a路韫韬@Alu yun tao@4主编
801  0 @aCN@b百万庄@c20210927
905    @b1301571-74@dD923.04@e2164:2@f4
    
    快速读懂民法典.物权编:我的财产我做主/路韫韬主编.-北京:中国民主法制出版社,2021
    182页:图;22cm
    
    
    ISBN 978-7-5162-2136-5:CNY39.80
    本书主要讲述了“物权编”的基本内容,通过故事案例的形式,对物权制度进行了解释和论述,解析了各种民事生活中物权变动的科学法理,明确现实生活中物权冲突分析和裁判的法律根据。
●
相关链接 在E读中查询图书 在五车中查询图书 在当当中查询图书 在豆瓣中查询图书


正题名:快速读懂民法典     索取号:D923.04/2164:2         预约/预借

序号 登录号 条形码 馆藏地/架位号 状态 备注
1 1301571   213015716   第一样本阅览室/ [索取号:D923.04/2164:2] 在馆    
2 1301572   213015725   第一借阅区/ [索取号:D923.04/2164:2] 在馆    
3 1301573   213015734   第一借阅区/ [索取号:D923.04/2164:2] 在馆    
4 1301574   213015743   第一借阅区/ [索取号:D923.04/2164:2] 在馆    
唐山师范学院图书馆 欢迎您!
大连网信软件有限公司© 版权所有